000 00765nam a2200277Ia 4500
001 Para_3008
003 CHAP
008 220125s1987 xx 000 0 und d
010 _a201394
040 _cCHAP
082 _aPA 633.11 W5 1987
100 _aWiese, M. V.
_9121853
245 _aCompendium of wheat diseases /
_c by M. V. Wiese
250 _a2
260 _aSt. Paul, Minn :
_b American Phytopathological Society
300 _a112 p.
650 _aTrigo
_x Enfermedades
_9115017
710 _aAmerican Phytopathological Society. St. Paul. Minn.
901 _aPA 633.11 W5 1987
902 _aA
905 _a0000001987 STPa 0000000000 00
910 _a1987
942 _cPARA
942 _cPARA
_d1
999 _c201394
_d201394